Schnelles Zählen von 1 bis 200 - Statistiken

Allgemein
  • Dieses Quiz wurde 187 mal gespielt
  • Das Durchschnittsergebnis liegt bei 112 aus 200
Antwortstatistiken
# % Korrekt
1
99%
2
99%
10
96%
3
96%
4
96%
5
96%
6
96%
7
96%
8
96%
9
96%
11
95%
12
92%
14
92%
13
91%
15
91%
16
91%
17
91%
18
90%
19
90%
20
90%
21
90%
22
90%
23
90%
24
90%
25
90%
26
90%
27
90%
28
90%
29
90%
30
89%
31
88%
32
88%
33
88%
34
87%
35
87%
36
87%
37
87%
38
87%
39
87%
40
86%
41
86%
42
86%
43
86%
44
86%
45
84%
46
84%
47
84%
48
84%
49
84%
50
84%
51
83%
52
83%
53
83%
54
83%
55
82%
56
82%
57
82%
58
82%
59
82%
60
81%
61
81%
62
81%
63
81%
64
81%
65
81%
66
81%
67
81%
68
81%
69
81%
70
81%
71
80%
72
80%
73
80%
74
80%
75
80%
76
80%
77
79%
78
79%
79
79%
80
79%
81
79%
82
79%
83
79%
84
79%
85
79%
86
79%
87
79%
88
79%
89
79%
90
79%
91
78%
92
78%
93
78%
94
78%
95
78%
96
78%
100
77%
97
77%
98
77%
99
77%
101
74%
102
73%
103
72%
104
72%
105
71%
106
71%
107
70%
108
70%
109
69%
110
68%
111
67%
112
67%
113
65%
114
64%
115
63%
116
62%
117
62%
118
62%
119
60%
120
58%
121
55%
122
54%
123
54%
124
54%
125
52%
126
52%
127
51%
128
49%
129
48%
130
43%
131
43%
132
40%
133
38%
134
38%
135
35%
136
35%
137
33%
138
33%
139
32%
140
29%
141
28%
142
25%
143
24%
144
24%
145
24%
146
22%
147
21%
148
19%
149
18%
150
18%
151
16%
152
15%
153
13%
154
13%
155
13%
156
13%
157
11%
158
11%
159
11%
160
10%
161
8%
162
7%
163
7%
164
7%
165
7%
166
7%
167
7%
168
6%
169
6%
170
6%
171
6%
172
5%
173
5%
174
4%
175
4%
176
4%
178
4%
177
3%
179
2%
180
2%
181
2%
182
2%
183
2%
184
2%
185
2%
186
1%
187
1%
188
1%
189
1%
190
1%
191
1%
192
1%
193
1%
194
1%
195
1%
196
1%
197
1%
198
1%
199
1%
200
1%
Keine übereinstimmenden Quizze gefunden
Verteilung der Resultate
Anzahl Personen mit jedem Resultat
Perzentil nach korrekt beantworteten Fragen
Ihre Resultats-Entwicklung
Sie haben dieses Quiz noch nicht gespielt